| 000 | 00649cab a2200205 4500 | ||
|---|---|---|---|
| 001 | WB2722-18 | ||
| 008 | 090401t1991 xxu||||| |||| 00| 0 eng d | ||
| 035 | _a(Sirsi) u1831 | ||
| 041 | _aeng | ||
| 245 | _aEH protection plan | ||
| 260 | _c1991 | ||
| 350 | _a0 | ||
| 490 |
_aArchitects` Journal _vvol 193 no 23 5/6/91 p13 |
||
| 520 | _aThe DoE has accepted in principle proposals for strengthening local authority powers to curb alterations in conservation areas . Draft guidance has been issued by English Heritage . | ||
| 650 | _aARTICLE 4 DIRECTIONS | ||
| 650 | _aHISTORIC BUILDINGS | ||
| 690 | _aCON | ||
| 942 | _n0 | ||
| 948 | _c04/03/1997 | ||
| 999 |
_c1061 _d1061 |
||